000 00887nam a2200265Ia 4500
003 OSt
005 20221005092833.0
006 a|||||r|||| 00| 0
007 ta
008 221004b |||||||| |||| 00| 0 eng d
020 _a0312160798
_c2274.22
024 _a107671
037 _b4022, 11/03/2011, Bharat Scientific Syndicate
_cTextual
040 _aCRL
_cCRL
_beng
041 _2eng
_aeng
082 _aR3xN05x, N7
100 _aFourny Jean Francois Ed.
_9617822
245 0 _aSituating sartre
_b In the twentieth century thought and culture
260 _aNew York
_bSt. Martin Press USA
_c1997
300 _aix,214p.
_ccm.
650 _aPHILOSOPHY
700 _a Minahen Charles D. Ed.
_9617823
942 _hR3xN05x, N7
_cTEXL
_2cc
999 _c999434
_d999434